[Event "CFriend SI-2004-0-00036 email"]
[Site "Chessfriend.com"]
[Date "2005.07.19"]
[Round "1"]
[White "Endean, Andrew"]
[Black "Roesslinger, Benoit"]
[Result "0-1"]
[WhiteElo "1606"]
[BlackElo "1937"]
[PlyCount "104"]
[EventDate "2005.07.19"]
[EventType "tourn (corr)"]
[EventRounds "6"]
[SourceTitle "Corr 2008"]
[Source "ChessBase"]
[SourceDate "2008.06.24"]
[SourceVersion "1"]
[SourceVersionDate "2008.06.24"]
[SourceQuality "1"]

1. d4 Nf6 2. c4 Nc6 3. Nf3 e6 4. a3 d6 5. Nc3 g6 6. e4 Bg7 7. Be2 0-0 8. 0-0 Re8 9. Be3 e5 10. dxe5 dxe5 11. Qxd8 Nxd8 12. Rfd1 Ne6 13. Rac1 Ng4 14. Bd2 b6 15. h3 Nf6 16. Be3 Bb7 17. Bd3 Rad8 18. Bb1 Nh5 19. g3 Nd4 20. Kg2 f5 21. b4 Nf6 22. Nxd4 exd4 23. Bxd4 Nxe4 24. Nd5 Bxd4 25. Rxd4 Nf6 26. Kf1 Nxd5 27. cxd5 Re7 28. Ba2 Kf8 29. b5 a6 30. a4 axb5 31. axb5 Red7 32. Rcd1 h6 33. f4 Ra8 34. Bb3 Ra3 35. R4d3 Rd6 36. Kf2 Ra5 37. Bc4 Bc8 38. Rb1 Bd7 39. Ke3 Be8 40. Kd4 Bf7 41. Ke3 Rd8 42. Kd4 Re8 43. Kc3 Re4 44. Rd4 Re3+ 45. Rd3 Rxd3+ 46. Kxd3 Ke7 47. Kc2 Kd6 48. Rd1 Ra8 49. Rd3 g5 50. Bb3 gxf4 51. gxf4 Ra5 52. Bc4 Be8 0-1

[Event "IECG CB.2004.0.00128 email"]
[Site "IECG email"]
[Date "2004.12.27"]
[Round "?"]
[White "Roesslinger, Benoit"]
[Black "Starace, Umberto"]
[Result "1/2-1/2"]
[WhiteElo "1800"]
[BlackElo "1866"]
[PlyCount "109"]
[EventDate "2004.12.27"]
[EventType "tourn (corr)"]
[EventRounds "6"]
[SourceTitle "Corr 2008"]
[Source "ChessBase"]
[SourceDate "2008.06.24"]
[SourceVersion "1"]
[SourceVersionDate "2008.06.24"]
[SourceQuality "1"]

1. e4 c5 2. Nf3 d6 3. d4 cxd4 4. Nxd4 Nf6 5. Nc3 g6 6. Bc4 Bg7 7. 0-0 0-0 8. Re1 Nc6 9. Bb3 a6 10. Bg5 h6 11. Nxc6 bxc6 12. Bh4 Nh5 13. f3 Kh7 14. Qd2 Be5 15. Bf2 Qa5 16. Be3 g5 17. g3 Bh3 18. Bd4 Ng7 19. Rad1 Ne6 20. Bxe5 Qxe5 21. Nd5 Nc5 22. Nb6 Nxb3 23. axb3 Rab8 24. Nc4 Qc5+ 25. Qf2 Qxf2+ 26. Kxf2 Bc8 27. Na5 Rb6 28. f4 Kg6 29. Kf3 h5 30. Rd2 Bg4+ 31. Kg2 gxf4 32. gxf4 Kf6 33. e5+ dxe5 34. fxe5+ Ke6 35. b4 Rg8 36. c3 Bf5+ 37. Kf3 f6 38. exf6+ Kxf6 39. Nb3 Rb5 40. Nd4 Rd5 41. Rf2 Rg4 42. Nxc6 e5 43. Ke2 Rh4 44. Kf1 Ke6 45. Rxf5 Kxf5 46. Ne7+ Ke6 47. Nxd5 Kxd5 48. Kg2 Rg4+ 49. Kf3 Rf4+ 50. Ke3 Re4+ 51. Kd2 Rh4 52. Re2 Rh3 53. Kc2 e4 54. Rg2 h4 55. Rg5+ 1/2-1/2

[Event "IECG CB.2004.0.00120 email"]
[Site "IECG email"]
[Date "2004.08.24"]
[Round "?"]
[White "Roesslinger, Benoit"]
[Black "Richters, Stephen"]
[Result "1-0"]
[WhiteElo "1800"]
[BlackElo "1907"]
[PlyCount "47"]
[EventDate "2004.08.24"]
[EventType "tourn (corr)"]
[EventRounds "6"]
[SourceTitle "Corr 2008"]
[Source "ChessBase"]
[SourceDate "2008.06.24"]
[SourceVersion "1"]
[SourceVersionDate "2008.06.24"]
[SourceQuality "1"]

1. e4 c5 2. Nf3 d6 3. d4 cxd4 4. Nxd4 Nf6 5. Nc3 g6 6. Bc4 Bg7 7. 0-0 0-0 8. Re1 Nc6 9. Bb3 a6 10. Bg5 Qa5 11. Nd5 Nxd4 12. Bxf6 Bxf6 13. Nxf6+ exf6 14. Qxd4 Qe5 15. Rad1 Rd8 16. f4 Qxd4+ 17. Rxd4 Be6 18. Bxe6 fxe6 19. Red1 Rac8 20. Rxd6 Rxd6 21. Rxd6 Rxc2 22. Rd8+ Kg7 23. Rd7+ Kh6 24. Rxb7 1-0

[Event "IECG TG.2003.0.15044"]
[Site "IECG email"]
[Date "2003.12.05"]
[Round "2"]
[White "Roesslinger, Benoit"]
[Black "Ventimiglia, Charles"]
[Result "1/2-1/2"]
[WhiteElo "1800"]
[BlackElo "1927"]
[PlyCount "66"]
[EventDate "2003.12.05"]
[EventType "match (corr)"]
[EventRounds "2"]
[SourceTitle "Corr 2008"]
[Source "ChessBase"]
[SourceDate "2008.06.24"]
[SourceVersion "1"]
[SourceVersionDate "2008.06.24"]
[SourceQuality "1"]

1. e4 e6 2. Qe2 c5 3. Nf3 Nc6 4. g3 g6 5. Bg2 Bg7 6. 0-0 Nge7 7. d3 d5 8. c3 h6 9. h4 0-0 10. e5 f6 11. exf6 Rxf6 12. Be3 Qd6 13. d4 cxd4 14. Nxd4 e5 15. Nb3 b6 16. Na3 Be6 17. Rad1 Raf8 18. Nc2 Nf5 19. Bc1 Qc7 20. Qb5 Nce7 21. Nb4 d4 22. cxd4 Bxb3 23. axb3 Nxd4 24. Nd5 Nxb5 25. Nxc7 Nxc7 26. Rd7 Ncd5 27. Bxd5+ Nxd5 28. Rxd5 Re6 29. Be3 e4 30. Rfd1 Re7 31. R1d2 Rf3 32. b4 Kf7 33. Kf1 h5 1/2-1/2

[Event "IECG TG.2003.0.15044"]
[Site "IECG email"]
[Date "2003.12.05"]
[Round "1"]
[White "Ventimiglia, Charles"]
[Black "Roesslinger, Benoit"]
[Result "1-0"]
[WhiteElo "1927"]
[BlackElo "1800"]
[PlyCount "61"]
[EventDate "2003.12.05"]
[EventType "match (corr)"]
[EventRounds "2"]
[SourceTitle "Corr 2008"]
[Source "ChessBase"]
[SourceDate "2008.06.24"]
[SourceVersion "1"]
[SourceVersionDate "2008.06.24"]
[SourceQuality "1"]

1. e4 c6 2. c4 d5 3. exd5 cxd5 4. cxd5 Nf6 5. Nc3 Nxd5 6. d4 e6 7. Nf3 Bb4 8. Qc2 Nc6 9. Bd3 Nxd4 10. Nxd4 Nxc3 11. 0-0 Qxd4 12. bxc3 Qxc3 13. Qa4+ Kf8 14. Rb1 Bd6 15. Be4 f6 16. Bb2 Qc7 17. Ba3 Bxa3 18. Qxa3+ Qe7 19. Qf3 Kf7 20. Qh5+ Kf8 21. Rfc1 g5 22. Rb5 h6 23. Rbc5 Bd7 24. Rc7 f5 25. Bxb7 Rd8 26. Bc6 Rh7 27. Rd1 Qe8 28. Qe2 Re7 29. Qd3 Bxc6 30. Qxd8 Ba4 31. Rxe7 1-0

[Event "IECC O email"]
[Site "IECC email"]
[Date "1999.03.28"]
[Round "?"]
[White "Roesslinger, Benoit"]
[Black "Femmel, Don"]
[Result "0-1"]
[WhiteElo "2100"]
[BlackElo "2105"]
[PlyCount "100"]
[EventDate "1999.??.??"]
[EventType "tourn (corr)"]
[EventRounds "6"]
[SourceTitle "Corr 2008"]
[Source "ChessBase"]
[SourceDate "2008.06.24"]
[SourceVersion "1"]
[SourceVersionDate "2008.06.24"]
[SourceQuality "1"]

1. e4 c5 2. Nf3 d6 3. d4 cxd4 4. Nxd4 Nf6 5. Nc3 g6 6. Bc4 Bg7 7. 0-0 0-0 8. h3 Nc6 9. Re1 a6 10. Bg5 Nxd4 11. Qxd4 b5 12. Bb3 h6 13. Bxf6 Bxf6 14. Qd3 e6 15. a4 b4 16. Nd1 a5 17. Rb1 Be5 18. Ne3 Ba6 19. Bc4 Bb7 20. Ng4 Bg7 21. c3 Qc7 22. cxb4 axb4 23. Rec1 Qe7 24. b3 f5 25. exf5 gxf5 26. Nh2 d5 27. Bb5 Qd6 28. Qd2 Be5 29. Nf1 Bf4 30. Ne3 d4 31. Rd1 Be4 32. Nc4 Qc7 33. Qxd4 e5 34. Qd7 Qxd7 35. Bxd7 Bxb1 36. Rxb1 Rad8 37. Bb5 e4 38. Na5 Rd2 39. Nc4 Rc2 40. Rd1 Bg5 41. Ne3 Bxe3 42. fxe3 Kg7 43. Rd4 Kf6 44. Bc4 Ke7 45. Kf1 Rc8 46. Be2 R8c3 47. Rxb4 Ra2 48. Bd1 Rxe3 49. Rb7+ Kd8 50. Rb8+ Kc7 0-1